000
00340nam a22001453 4500
001
205806
005
20240329134240.0
090
_a
205806
100
_a
20240329 ukry50
101
_a
ukr
102
_a
UA
200
_a
210
_d
2024
801
_2
unimarc
_a
UA
_g
psbo
942
_c
NEWSPAPER